| 000 | 00899nam a2200241 i 4500 | ||
|---|---|---|---|
| 001 | bg | ||
| 100 | 1 | _aKMIECIK, Jacek | |
| 245 | 1 | 0 |
_aPodstawowa osnowa wysokościowa : _bprojektowanie, pomiar i opracowanie wyników / _c[Jacek Kmiecik, Maciej Różewski] ; Główny Urząd Geodezji i Kartografii]. |
| 260 |
_aWarszawa : _bGUGiK, _c1983. |
||
| 300 |
_a68 s. : _b21 cm. |
||
| 490 | 1 | _aWytyczne techniczne / G-2.1 | |
| 650 | 9 | _aGeodezja | |
| 655 | _aInstrukcje | ||
| 700 | 1 | _aRÓŻEWSKI, Maciej | |
| 710 | 0 | _aGłówny Urząd Geodezji i Kartografii | |
| 830 | 0 | _aWytyczne techniczne | |
| 040 | _cBPK | ||
| 041 | 0 | _apol | |
| 080 | _a528.3/.4(083.1) | ||
| 942 | _cKA | ||
| 008 | s pl f |000 0 pol | ||
| 999 |
_c35163 _d35163 |
||
| 856 |
_uhttp://koha.tu.koszalin.pl/cgi-bin/koha/opac-detail.pl?biblionumber=35163 _yKatalog online BPK |
||